000 00814nam a2200265Ia 4500
001 Para_8273
003 CHAP
008 220125s9999 xx 000 0 und d
010 _a207041
040 _cCHAP
082 _aPA-C 595.752 A6
100 _aTheobald, Fred V.
_9112748
245 _aNotes on british aphides with descriptions of two new species /
_c by Fred V. Theobald
300 _a5 p.
440 _aAphidae; 9
_9171887
500 _aSobretiro de: The entomologist´s monthly magazine, 63: 3-34, 1927. Encuadernado con otros impresos similares
650 _aAfididos
_x Colecciones de escritos
_91032
901 _aPA-C 595.752 A6
902 _aM
905 _a000000 0000000000 00
910 _a
942 _cPARA
942 _cPARA
_d1
999 _c207041
_d207041